00493 2200193 4500001002100000005001500021008004100036020002200077035001900099041000700118082001400125090001600139100001700155245004400172260002600216300003100242500000600273650002000279INLIS00000000000615820241224113234241224||||||||| | ||| |||| || |  a978-979-062-301-9 0010-1224006158 aid0 a614:05:00 a614.5 DIZ m0 aDons S Dizon00a100 Tanya Jawab Mengenai Kanker Serviks aJakartabindeksc2011 axiv , 172 ,: ilus .; 23 cm a1 0aIlmu Kedokteran